Skip to content
VuFind
All Fields
Title
Author
Subject
Call Number
ISBN/ISSN
Tag
Find
Advanced
Hikayat Malim Deman
Cite this
Print
Export Record
Export to RefWorks
Export to EndNoteWeb
Export to EndNote
Export to MARC
Hikayat Malim Deman
Bibliographic Details
Format:
Book
Holdings
Description
Similar Items
Staff View
MARC
LEADER
00000cam a2200000 7i4500
001
0000008467
002
000009227
005
20000330.0
020
|a
0195833147
090
0
0
|a
899.28
|b
PAW
245
0
0
|a
Hikayat Malim Deman
999
|a
0011029
|b
BUKU
|c
PINJAMAN
|e
PERPUSTAKAAN KOMUNITI PETALING JAYA
Similar Items
Hikayat Malim Deman
by: Pawang Ana
Published: (1998)
Hikayat Malim Deman
Published: (2001)
Hikayat Malim Deman
Published: (1996)
Malim Deman
Published: (1994)
Hikayat Malim Dewa
by: Pawang Ana
Published: (2016)